| 000 | 00419nam a22001697a 4500 | ||
|---|---|---|---|
| 003 | NUST - PNEC | ||
| 005 | 20170116181048.0 | ||
| 008 | 150928b xxu||||| |||| 00| 0 eng d | ||
| 020 | _a0824784987 | ||
| 040 | _cLIBRARY | ||
| 082 | _a616.53 MAR | ||
| 100 |
_911772 _aMarks, Ronald |
||
| 245 |
_aAcne : advice on clearing your skin _cMarks, Ronald |
||
| 260 | _cc1984 | ||
| 650 |
_911773 _aAcne _xME |
||
| 942 |
_2ddc _cBK |
||
| 999 |
_c68292 _d68292 |
||